The controversy on the comets of 1618 (Record no. 2230)

MARC details
000 -LEADER
fixed length control field 00691nam a2200217Ia 4500
003 - CONTROL NUMBER IDENTIFIER
control field IN-BaIIA
008 - FIXED-LENGTH DATA ELEMENTS--GENERAL INFORMATION
fixed length control field 211028s9999 xx 000 0 eng d
040 ## - CATALOGING SOURCE
Transcribing agency IIA Library
080 ## - UNIVERSAL DECIMAL CLASSIFICATION NUMBER
Universal Decimal Classification number 523.64
Item number GAL
100 ## - MAIN ENTRY--PERSONAL NAME
Personal name Galile, Galileo
9 (RLIN) 4020
245 #4 - TITLE STATEMENT
Title The controversy on the comets of 1618
Statement of responsibility, etc. Galileo Galile…[et al.]
260 ## - PUBLICATION, DISTRIBUTION, ETC.
Place of publication, distribution, etc. Philadelphia
Name of publisher, distributor, etc. University of Pennsylvania Press
Date of publication, distribution, etc. 1960
300 ## - PHYSICAL DESCRIPTION
Extent xxv, 380p.
650 ## - SUBJECT ADDED ENTRY--TOPICAL TERM
Topical term or geographic name entry element Astronomy and astrophysics thesaurus
650 ## - SUBJECT ADDED ENTRY--TOPICAL TERM
Topical term or geographic name entry element Comet Halley
9 (RLIN) 4021
650 ## - SUBJECT ADDED ENTRY--TOPICAL TERM
Topical term or geographic name entry element Comets
9 (RLIN) 755
700 ## - ADDED ENTRY--PERSONAL NAME
Personal name Grassi, Horatio
9 (RLIN) 4022
700 ## - ADDED ENTRY--PERSONAL NAME
Personal name Guiducci, Mario
9 (RLIN) 4023
700 ## - ADDED ENTRY--PERSONAL NAME
Personal name Kepler, Johann
9 (RLIN) 4024
942 ## - ADDED ENTRY ELEMENTS (KOHA)
Koha item type Books
Holdings
Withdrawn status Lost status Damaged status Not for loan Home library Current library Shelving location Date acquired Total Checkouts Full call number Barcode Date last seen Date last checked out Price effective from Koha item type
        IIA Library-Bangalore IIA Library-Bangalore General Stacks   1 523.64/ GAL 2498 31/03/2022 08/12/2021   Books

Powered by Koha